Âp trứng gà và úm gà con
Sparad:
| Huvudupphovsman: | |
|---|---|
| Materialtyp: | Bok |
| Språk: | Undetermined |
| Publicerad: |
Hà nội
Nông Nghiệp
1993
|
| Ämnen: | |
| Taggar: |
Lägg till en tagg
Inga taggar, Lägg till första taggen!
|
| Thư viện lưu trữ: | Trung tâm Học liệu Trường Đại học Cần Thơ |
|---|
| LEADER | 00516nam a2200181Ia 4500 | ||
|---|---|---|---|
| 001 | CTU_14247 | ||
| 008 | 210402s9999 xx 000 0 und d | ||
| 082 | |a 636.50824 | ||
| 082 | |b L431 | ||
| 100 | |a Trần Long | ||
| 245 | 0 | |a Âp trứng gà và úm gà con | |
| 245 | 0 | |c Trần Long, Đào Đức Long | |
| 260 | |a Hà nội | ||
| 260 | |b Nông Nghiệp | ||
| 260 | |c 1993 | ||
| 650 | |a poultry - breeding | ||
| 904 | |i Minh, 961230 | ||
| 980 | |a Trung tâm Học liệu Trường Đại học Cần Thơ | ||